Normal view
MARC view
Entry Topical Term
001 - CONTROL NUMBER
- control field: 34652
003 - CONTROL NUMBER IDENTIFIER
- control field: ARRUPE
005 - DATE AND TIME OF LATEST TRANSACTION
- control field: 20170809114916.0
008 - FIXED-LENGTH DATA ELEMENTS
- fixed length control field: 170809|| aca||aabn | a|a d
040 ## - CATALOGING SOURCE
- Original cataloging agency: ARRUPE
- Transcribing agency: ARRUPE
150 ## - HEADING--TOPICAL TERM
- Topical term or geographic name as entry element: African charter
670 ## - SOURCE DATA FOUND
- Source citation: Work cat.: (ARRUPE): Catholic Commission for Justice and Peace in Zimbabwe 28867, The African Charter on Human and Peoples' rights, 1989